000 00878cam a2200205 i 4500
020 _a9781570672972
020 _a1570672970
040 _cDLC
082 0 0 _a613 NUT 1999 C153 Or.
100 1 _aDavis, Brenda,
245 1 0 _aBecoming vegan :
_bthe complete reference to plant-based nutrition /
250 _aComprehensive edition.
300 _aix, 611 pages :
_billustrations ;
_c26 cm
520 _aHealth authorities regard well-planned vegan diets as safe and adequate for people at all stages of the life cycle, including those with unique nutritional needs, such as athletes. Furthermore, research has confirmed that vegan diets protect against many chronic diseases and are remarkably effective in treating these conditions. -- from back cover.
650 0 _aVeganism
650 0 _aVeganism
650 0 _aNutrition
700 1 _aMelina, Vesanto,
942 _cAEDBB
999 _c18871
_d18871